| 000 | 00358 a2200157 4500 | ||
|---|---|---|---|
| 001 | 49422 | ||
| 020 | _a0915741768 | ||
| 040 | _cAnchieta - Bela Vista | ||
| 100 | _aLafferty, Peter | ||
| 240 | 1 | 0 |
_aComo as coisas são feitas _lpor |
| 245 | 1 | 0 | _aComo as coisas são feitas |
| 300 | _a32 | ||
| 362 | 0 | _a1994 | |
| 650 | 4 | _aEnciclopédias gerais | |
| 942 | _cBK | ||
| 999 |
_c49422 _d49422 |
||